<?xml version="1.0" encoding="UTF-8"?>
<record
    xmlns:xsi="http://www.w3.org/2001/XMLSchema-instance"
    xsi:schemaLocation="http://www.loc.gov/MARC21/slim http://www.loc.gov/standards/marcxml/schema/MARC21slim.xsd"
    xmlns="http://www.loc.gov/MARC21/slim">

  <leader>01125nam a22001817a 4500</leader>
  <controlfield tag="005">20220127123109.0</controlfield>
  <controlfield tag="008">220127b           ||||| |||| 00| 0 eng d</controlfield>
  <datafield tag="020" ind1=" " ind2=" ">
    <subfield code="a">139781844800353</subfield>
  </datafield>
  <datafield tag="040" ind1=" " ind2=" ">
    <subfield code="a">wisconsin library</subfield>
    <subfield code="c">wisconsin library</subfield>
  </datafield>
  <datafield tag="050" ind1=" " ind2=" ">
    <subfield code="a">HD58.7.I55</subfield>
  </datafield>
  <datafield tag="100" ind1=" " ind2=" ">
    <subfield code="9">KNIGHT, David.</subfield>
  </datafield>
  <datafield tag="245" ind1=" " ind2=" ">
    <subfield code="a">Introduction to organizational behaviour and management/</subfield>
    <subfield code="b">David Knight</subfield>
  </datafield>
  <datafield tag="260" ind1=" " ind2=" ">
    <subfield code="a">Australia</subfield>
    <subfield code="b">Thompson learning</subfield>
    <subfield code="c">2007</subfield>
  </datafield>
  <datafield tag="300" ind1=" " ind2=" ">
    <subfield code="a">xviii, 552 p,</subfield>
    <subfield code="b">ill.</subfield>
    <subfield code="c">28cm.</subfield>
  </datafield>
  <datafield tag="500" ind1=" " ind2=" ">
    <subfield code="a">Includes index and glossary.</subfield>
  </datafield>
  <datafield tag="505" ind1=" " ind2=" ">
    <subfield code="a">Contents: Part 1 : The human dimension : -- Motivation and the self -- Individual differences,personality and self -- Groups and team work -- Knowledge and learning :Consuming management? Part 2 : The organizational dimension : -- organization,structure and design -- Management and leadership -- Political organizations and decision making -- culture -- change and innovation : New organizational forms -- technology Part 3 : --Emergent  issues : -- Globalization and organizations -- Bureaucracy and post-bureaucracy -- Ethics at work -- Appendix : -- The conceptual framework.</subfield>
  </datafield>
  <datafield tag="942" ind1=" " ind2=" ">
    <subfield code="2">lcc</subfield>
    <subfield code="c">BK</subfield>
  </datafield>
  <datafield tag="999" ind1=" " ind2=" ">
    <subfield code="c">8500</subfield>
    <subfield code="d">16000</subfield>
  </datafield>
  <datafield tag="952" ind1=" " ind2=" ">
    <subfield code="0">0</subfield>
    <subfield code="1">0</subfield>
    <subfield code="2">lcc</subfield>
    <subfield code="4">0</subfield>
    <subfield code="7">0</subfield>
    <subfield code="a">WIUC-1</subfield>
    <subfield code="b">WIUC-1</subfield>
    <subfield code="c">REF</subfield>
    <subfield code="d">2022-01-27</subfield>
    <subfield code="l">0</subfield>
    <subfield code="o">HD 58.7.I55</subfield>
    <subfield code="r">2022-01-27 00:00:00</subfield>
    <subfield code="t">1</subfield>
    <subfield code="w">2022-01-27</subfield>
    <subfield code="y">BK</subfield>
  </datafield>
  <datafield tag="952" ind1=" " ind2=" ">
    <subfield code="0">0</subfield>
    <subfield code="1">0</subfield>
    <subfield code="2">lcc</subfield>
    <subfield code="4">0</subfield>
    <subfield code="7">0</subfield>
    <subfield code="a">WIUC-1</subfield>
    <subfield code="b">WIUC-1</subfield>
    <subfield code="c">REF</subfield>
    <subfield code="d">2022-01-27</subfield>
    <subfield code="l">0</subfield>
    <subfield code="o">HD 58.7.I551</subfield>
    <subfield code="r">2022-01-27 00:00:00</subfield>
    <subfield code="t">2</subfield>
    <subfield code="w">2022-01-27</subfield>
    <subfield code="y">BK</subfield>
  </datafield>
  <datafield tag="952" ind1=" " ind2=" ">
    <subfield code="0">0</subfield>
    <subfield code="1">0</subfield>
    <subfield code="2">lcc</subfield>
    <subfield code="4">0</subfield>
    <subfield code="7">0</subfield>
    <subfield code="a">WIUC-1</subfield>
    <subfield code="b">WIUC-1</subfield>
    <subfield code="c">REF</subfield>
    <subfield code="d">2022-01-27</subfield>
    <subfield code="l">0</subfield>
    <subfield code="o">HD 58.7.I552</subfield>
    <subfield code="r">2022-01-27 00:00:00</subfield>
    <subfield code="t">3</subfield>
    <subfield code="w">2022-01-27</subfield>
    <subfield code="y">BK</subfield>
  </datafield>
</record>
